Informe Nº 15, Área Auditoría (Registro nro. 1198)

Detalles MARC
000 -LEADER
fixed length control field 01248 a2200301 4500
001 - CONTROL NUMBER
control field 24527
005 - DATE AND TIME OF LATEST TRANSACTION
control field 20260407155529.0
008 - FIXED-LENGTH DATA ELEMENTS--GENERAL INFORMATION
fixed length control field 260407a2007 arg spa d
003 - CONTROL NUMBER IDENTIFIER
control field AR-UNSa-BCEJYS
040 ## - CATALOGING SOURCE
Original cataloging agency AR-UNSa-BCEJYS
Language of cataloging spa
Transcribing agency AR-UNSa-BCEJYS
080 ## - UNIVERSAL DECIMAL CLASSIFICATION NUMBER
Universal Decimal Classification number 657.6:004
Common auxiliary subdivision Auditoría en Informática
020 ## - INTERNATIONAL STANDARD BOOK NUMBER
International Standard Book Number 978-987-1346-02-8
100 1# - MAIN ENTRY--PERSONAL NAME
Personal name Cansler, Leopoldo
245 10 - TITLE STATEMENT
Title Informe Nº 15, Área Auditoría
Name of part/section of a work Auditoría en Ambientes computarizados
264 #1 - PRODUCTION, PUBLICATION, DISTRIBUTION, MANUFACTURE, AND COPYRIGHT NOTICE
Place of production, publication, distribution, manufacture Buenos Aires :
Name of producer, publisher, distributor, manufacturer FACPCE (Federación Argentina de Consejos Profesionales de Ciencias Económicas)
Date of production, publication, distribution, manufacture, or copyright notice 2007
300 ## - PHYSICAL DESCRIPTION
Extent 64 p.
Dimensions 22 cm.
505 ## - FORMATTED CONTENTS NOTE
Formatted contents note 1. Introducción - 2. El ambiente de riesgos y controles - 3. Actividades de auditoria de sistemas - 4. Conclusión.
590 ## - LOCAL NOTE (RLIN)
Local note niveau_biblio:m niveau_hierar:0
650 ## - SUBJECT ADDED ENTRY--TOPICAL TERM
Topical term or geographic name entry element Informe Nº 15
650 ## - SUBJECT ADDED ENTRY--TOPICAL TERM
Topical term or geographic name entry element informe nº 15
700 1# - ADDED ENTRY--PERSONAL NAME
Personal name Elissondo, Luis
700 1# - ADDED ENTRY--PERSONAL NAME
Personal name Godoy, Luis A.
700 1# - ADDED ENTRY--PERSONAL NAME
Personal name Rivas, Ricardo
700 1# - ADDED ENTRY--PERSONAL NAME
Personal name Federación Argentina de Consejos Profesionales de Ciencias Económicas (FACPCE)
700 1# - ADDED ENTRY--PERSONAL NAME
Personal name Centro de Estudios Científicos y Técnicos (CECYT)
856 41 - ELECTRONIC LOCATION AND ACCESS
Uniform Resource Identifier <a href="https://biblioeco.unsa.edu.ar/pmb/images/libros/Informe 15 area auditoria-l118593.jpg">https://biblioeco.unsa.edu.ar/pmb/images/libros/Informe 15 area auditoria-l118593.jpg</a>
Link text Imagen de portada
Electronic format type image/jpeg
942 ## - ADDED ENTRY ELEMENTS (KOHA)
Koha item type
Existencias
Withdrawn status Lost status Damaged status Not for loan Home library Current library Shelving location Date acquired Total checkouts Full call number Barcode Date last seen Price effective from Koha item type
        Biblioteca Prof. Eusebio Cleto del Rey Biblioteca Prof. Eusebio Cleto del Rey   07/04/2026   657.6:004 I43 L118592 07/04/2026 07/04/2026 Libro
        Biblioteca Prof. Eusebio Cleto del Rey Biblioteca Prof. Eusebio Cleto del Rey   07/04/2026   657.6:004 I43 L118593 07/04/2026 07/04/2026 Libro